Transferts Top 14 - intersaison 2024. - Statistiques

Statistiques générales
  • Ce quiz a été pris 77 fois
    76 depuis la dernière actualisation
  • Le résultat moyen est 27 sur 55
Statistiques - réponses
Poste Joueur De À % Correct
Demi d'ouverture Joris Segonds Stade français Aviron bayonnais
89%
Ailier Arthur Retière Stade toulousain Union Bordeaux Bègles
87%
Centre Manu Tuilagi Sale Sharks Aviron bayonnais
81%
Demi de mêlée Baptiste Germain Stade toulousain Aviron bayonnais
75%
Arrière Stuart Hogg - Montpellier HR
75%
3e ligne Billy Vunipola Saracens Montpellier HR
74%
Pilier Mako Vunipola Saracens RC Vannes
74%
Pilier Cedate Gomes Sa Racing 92 Lyon OU
72%
Ailier Madosh Tambwe Union Bordeaux Bègles Montpellier HR
68%
Demi d'ouverture Joey Carbery Munster Union Bordeaux Bègles
66%
3e ligne Jonny Gray Exeter Chiefs Union Bordeaux Bègles
62%
Pilier Mohammed Haouas Biarritz olympique Montpellier HR
62%
Demi d'ouverture Owen Farrell London Irish Racing 92
62%
3e ligne Giovanni Habel-Kueffner Stade français Aviron bayonnais
58%
Demi d'ouverture Louis Carbonel Montpellier HR Stade français
58%
3e ligne Yoan Tanga Mangene Stade rochelais Stade français
58%
Ailier Antoine Frisch Munster RC Toulon
57%
Centre Lucas Tauzin Stade toulousain ASM Clermont
57%
2e ligne Romain Taofifénua Lyon OU Racing 92
57%
Arrière Aymeric Luc RC Toulon Section paloise
55%
Pilier Demba Bamba Lyon OU Racing 92
55%
Pilier Kyle Sinckler Bristol Bears RC Toulon
55%
Ailier Rémy Baget Aviron bayonnais Castres olympique
55%
Ailier Samuel Ezeala Section paloise Stade français
55%
2e ligne Kane Douglas Union Bordeaux Bègles Stade rochelais
53%
3e ligne Baptiste Chouzenoux Racing 92 Aviron bayonnais
51%
Arrière Kylan Hamdaoui Stade français ASM Clermont
51%
2e ligne Tomas Lavanini ASM Clermont Lyon OU
51%
Pilier Wilfrid Hounkpatin Castres olympique Montpellier HR
51%
Ailier Raffaele Costa Storti AS Béziers Stade français
49%
Centre Tani Vili Union Bordeaux Bègles RC Vannes
49%
2e ligne Thomas Ceyte Aviron bayonnais ASM Clermont
49%
2e ligne Thomas Jolmès Union Bordeaux Bègles Section paloise
49%
Pilier Andy Bordelai RC Vannes Aviron bayonnais
47%
Centre Francis Saili Racing 92 RC Vannes
47%
Talonneur Giacomo Nicotera Benetton Trévise Stade français
47%
Pilier Giorgi Beria ASM Clermont USA Perpignan
47%
Ailier Filipo Nakosi Castres olympique RC Vannes
40%
2e ligne Paul Jedrasiak ASM Clermont Castres olympique
40%
3e ligne Lewis Ludlam Northampton Saints RC Toulon
38%
2e ligne Guillaume Ducat Section paloise Castres olympique
36%
Demi d'ouverture Martin Méliande Racing 92 Lyon OU
36%
Centre Théo Millet US Oyonnax Lyon OU
36%
Pilier Daniel Bibi Biziwu ASM Clermont Section paloise
32%
Demi de mêlée Gela Aprasidze Aviron bayonnais USA Perpignan
32%
Demi de mêlée Charlie Cassang US Oyonnax Lyon OU
30%
2e ligne Rémi Picquette Stade rochelais Section paloise
30%
2e ligne Fabrice Metz Section paloise RC Vannes
28%
Centre Waisea Nayacalevu RC Toulon Sale Sharks
28%
Demi de mêlée James Hall Harlequins USA Perpignan
26%
3e ligne Kitione Kamikamica Racing 92 RC Vannes
23%
Pilier Trevor Nyakane Racing 92 Sharks
23%
Pilier Harry Williams Montpellier HR Section paloise
21%
Centre Olivier Klemenczak Racing 92 Section paloise
17%
Pilier Titi Lamositele Montpellier HR Montpellier HR
11%
Aucun quiz correspondant
Distribution des résultats
% des personnes avec chaque résultat
Percentile par nombre de réponses
Votre historique - résultats
Vous n’avez pas pris ce quiz depuis la dernière actualisation